Thin Film Characterisation/ (Record no. 208397)

MARC details
000 -LEADER
fixed length control field 00551nam a22001937a 4500
005 - DATE AND TIME OF LATEST TRANSACTION
control field 20250113105220.0
010 ## - LCCN (DPL NO)
LC control number ENG-143318
020 ## - INTERNATIONAL STANDARD BOOK NUMBER
International Standard Book Number 9789355315496
Terms of availability 330.00
035 ## - SYSTEM CONTROL NUMBER
System control number EN-126850
037 ## - SOURCE OF ACQUISITION
Stock number DBAD
082 ## - DEWEY DECIMAL CLASSIFICATION NUMBER
Classification number 791.730954292
100 ## - MAIN ENTRY--PERSONAL NAME
Personal name Sharma, S.K.
245 ## - TITLE STATEMENT
Title Thin Film Characterisation/
Statement of responsibility, etc by S.K. Sharma
250 ## - EDITION STATEMENT
Edition statement 1
260 ## - PUBLICATION, DISTRIBUTION, ETC. (IMPRINT)
Place of publication, distribution, etc Meerut
Name of publisher, distributor, etc Pragati Prakashan
Date of publication, distribution, etc 2021
270 ## - ADDRESS
Address 240, Western Kutchery Road,
City Meerut
Postal code 250002
300 ## - PHYSICAL DESCRIPTION
Extent 135p.:
Dimensions 24cm(hb)
942 ## - ADDED ENTRY ELEMENTS (KOHA)
Source of classification or shelving scheme Dewey Decimal Classification
Item type English Books
Call number suffix SHA
Classification part 791.730954292
Holdings
Withdrawn status Lost status Not for loan Collection code Home library Current library Date acquired Source of acquisition Cost, normal purchase price Full call number Barcode Copy number Cost, replacement price Koha item type
      Non-fiction Kadipur Kadipur 13/01/2025 Delivery of Books Act Division 330.00 SHA 791.730954292 EN-126850 1 330.00 English Books

© Delhi Public Library
Hit Counter
free hit counter